000 00554nam a22002177a 4500
003 UA-OsUOA
001 43029
007 ta
008 20090506b un ||||| |||| 00| 0 ukr d
090 _a94(477).12
942 _cBR
040 _aUA-OsUOA
_beng
_cUA-OsUOA
_dUA-OsUOA
245 _aThe Strange Case of John Demjanjuk
_bCombating the Defamation of Ukrainians
300 _a7 с.
955 _a4
041 _aeng
080 _a94(477).12
260 _c1985
650 7 _a9 Географія. Біографії. Історія
_2UDC
999 _c441503
_d441503